000 00358nam a2200133Ia 4500
008 210428s9999 xx 000 0 und d
020 _a969-516-155-3
082 _a541.3422 L112 C
100 _aJean Claude Labbe
_952153
245 0 _aChemistry of Aqueous Solutions Electrochemistry
260 _bAlhamra
_aISLAMABAD
_c2004
300 _a183p
942 _cBK
999 _c559919
_d559919